书目信息 |
| 题名: |
鲁迅论教育
|
|
| 作者: | ;中央教育科学研究所 编 | |
| 分册: | ||
| 出版信息: | 北京 教育科学出版社 1986 |
|
| 页数: | 304页 | |
| 开本: | 20cm | |
| 丛书名: | ||
| 单 册: | ||
| 中图分类: | G40-092.6 , I210.3 | |
| 科图分类: | ||
| 主题词: | 教育思想--中国--近代 | |
| 电子资源: | ||
| ISBN: | ||
| 000 | 00730nam0 2200265 45 | |
| 001 | 0186019213 | |
| 005 | 20040414082942.7 | |
| 010 | @dCNY2.00 | |
| 091 | @a7232.266 | |
| 100 | @a19900813d1986 kemy0chiy0121 ea | |
| 101 | 0 | @achi |
| 102 | @aCN@b110000 | |
| 105 | @ay z 000yy | |
| 106 | @ar | |
| 200 | 10 | @a鲁迅论教育@Alu xun lun jiao yu@f中央教育科学研究所编 |
| 210 | @a北京@c教育科学出版社@d1986 | |
| 215 | @a304页@d20cm | |
| 600 | 0 | @a鲁迅@x教育思想 |
| 606 | @a教育思想@y中国@z近代 | |
| 690 | @aG40-092.6@v3 | |
| 690 | @aI210.3@v3 | |
| 711 | 02 | @a中央教育科学研究所@Azhong yang jiao yu ke xue yan jiu suo@4编 |
| 801 | 0 | @aCN@b深圳图书馆@c20040414 |
| 801 | 2 | @aCN@bNLC@c20040414 |
| 905 | @f1@b207432@dI210.3@e147 | |
| 鲁迅论教育/中央教育科学研究所编.-北京:教育科学出版社,1986 |
| 304页;20cm |
| ISBN :CNY2.00 |
| ● |
| 相关链接 |
|
|
|
|
正题名:鲁迅论教育
索取号:I210.3/147
 
预约/预借
| 序号 | 登录号 | 条形码 | 馆藏地/架位号 | 状态 | 备注 |
| 1 | 0207432 | 001404723 | 第二借阅区/ [索取号:I210.3/147] | 在馆 | |
| 2 | 0207434 | 001404714 | 第一样本阅览室/ [索取号:I210.3/147] | 在馆 |